[Event "2nd IMSA Basque 2017-Men"]
[Site "Huaian"]
[Date "2017.12.13"]
[Round "1"]
[White "Korobov, Anton"]
[Black "Grischuk, Alexander"]
[Result "*"]
[WhiteElo "2652"]
[BlackElo "2772"]
[Annotator "TA"]
[PlyCount "78"]
[EventDate "2017.??.??"]
[EventType "tourn"]
[EventCountry "CHN"]
[SourceTitle "playchess.com"]
[Source "ChessBase"]
[SourceQuality "1"]

{[%evp 14,78,13,9,19,12,13,24,11,0,15,20,93,83,97,87,62,83,87,56,66,82,91,15,10,0,0,-4,-11,-2,0,0,0,0,0,-18,-18,-14,-12,-12,-20,-37,-37,-38,-38,-50,-35,-39,-35,-47,-16,-16,-16,-16,-16,-16,-16,-16,-15,-16,-12,-11,-12,-16,-16,-56,-50]} 1. d4 e6 2. c4 f5 3. g3 Nf6 4. Bg2 d5 5. Nh3 Bd6 6. O-O {A90: Dutch Defence: Miscellaneous and Modern Stonewall (with ...Bd6)} O-O 7. Bf4 Be7 8. Nd2 {[%cal Bb1d2,Bd2f3,Bf3g5][%mdl 32] LiveBook: 6 Games. The position is equal.} Nc6 9. Nf3 (9. cxd5 Nxd5 10. Nb3 Bf6 11. Bc1 a5 12. e3 b6 13. Nf4 {½-½ (30) Ragger,M (2697)-Vallejo Pons,F (2716) Baku 2016}) 9... dxc4 $146 ({Predecessor:} 9... Ne4 10. Ne5 Nxe5 11. Bxe5 c6 12. e3 Nd6 13. cxd5 exd5 {0-1 (95) Bailet,P (2484)-Narciso Dublan,M (2515) Sitges 2014}) 10. Rc1 Ne4 11. Be3 Nb4 12. Rxc4 b5 {[#]} (12... a5 $11 {remains equal.}) 13. Rxb4 $1 $16 Bxb4 14. Nfg5 Rb8 15. Nxe4 fxe4 16. Qb3 Bd6 17. Bxe4 Qe7 18. Ng5 ({White should try} 18. Qd3 $16) 18... h6 $11 19. Nf3 Bb7 $36 {[%mdl 2048] Black is more active.} 20. Bxb7 Rxb7 21. Rc1 a5 22. Qd3 a4 23. Qe4 Rbb8 24. Ne5 Bxe5 25. Qxe5 Qd6 26. Qe4 Qd5 27. Qxd5 exd5 {[%mdl 4096] Endgame KRR-KRB} 28. Rc5 c6 29. Bf4 Rbc8 30. Be5 Kf7 31. Kg2 h5 32. f4 g6 33. Kf3 Ke6 34. e4 Rfd8 35. h3 Rd7 36. g4 hxg4+ 37. hxg4 dxe4+ 38. Kxe4 Rh7 39. Rc1 Rh4 {Precision: White = 61%, Black = 72%.} *

[Event "2nd IMSA Basque 2017-Men"]
[Site "Huaian"]
[Date "2017.12.14"]
[Round "2"]
[White "Mamedyarov, Shakhriyar"]
[Black "Ding, Liren"]
[Result "1/2-1/2"]
[WhiteElo "2799"]
[BlackElo "2777"]
[Annotator "TA"]
[PlyCount "81"]
[EventDate "2017.??.??"]
[EventType "tourn"]
[EventCountry "CHN"]
[SourceTitle "playchess.com"]
[Source "ChessBase"]
[SourceQuality "1"]

{[%evp 18,81,-28,-27,-29,-33,-26,-33,-37,-63,-68,-72,-74,-78,-73,-58,0,0,0,0,30,32,30,35,28,44,47,51,364,350,324,0,0,0,0,0,0,-166,-168,-162,-170,-162,-163,-164,-145,-146,-144,-1184,-1124,-980,-8,-8,-8,-8,-8,-8,-8,-8,-8,-8,-8,-8,-8,-8,-8,-8]} 1. d4 Nf6 2. c4 e6 3. Nc3 Bb4 4. Nf3 O-O 5. Qc2 d5 6. Bg5 h6 7. Bh4 c5 8. e3 cxd4 9. exd4 Nc6 {E32: Nimzoindisch (4.Dc2)} 10. Rd1 {LiveBook: 19 Partien} (10. a3 Bxc3+ 11. bxc3 b6 12. cxd5 exd5 13. Be2 Qd6 14. Bg3 Qe7 15. O-O Bf5 16. Qxf5 Qxe2 17. Rfe1 {1-0 (52) Ivanisevic,I (2653)-Ghaem Maghami,E (2596) Berlin 2015}) 10... g5 11. Bg3 Ne4 $1 {Schwarz steht etwas besser.} 12. Bd3 f5 {[%cal Bf7f5,Bf5f4][%mdl 32]} 13. O-O Bxc3 $1 14. bxc3 f4 $1 15. Bxe4 dxe4 16. Qxe4 Qf6 $146 (16... Qe7 $1 $15) ({Vorgänger:} 16... Qe7 17. Bxf4 Rxf4 {0-1 (35) Semenov,S (2144)-Van Tienhoven,R (2273) ICCF email 2005}) 17. h4 $11 {Schwarz muss nun Lh2 beachten.} fxg3 18. fxg3 Qf5 19. Qe3 {[%cal Rf3g5]} Bd7 20. hxg5 Qg6 21. gxh6 {Und d5 würde nun gewinnen.} Qxg3 22. d5 exd5 $2 {[%mdl 8192]} (22... Ne7 $1 $14) 23. Rxd5 $18 ({Schlechter ist} 23. cxd5 Rae8 $11) 23... Bf5 {[#]} 24. Rxf5 $2 ({Weiss braucht} 24. Qc5 $1 $18 Qf4 25. Nh2) 24... Rxf5 $11 25. Qe6+ Rf7 {[#] Droht ...Kf8 und aus.} 26. Nh4 $1 {[%mdl 512]} Ne5 (26... Qxh4 27. Qxf7+) 27. Nf5 $2 (27. Rxf7 $1 $11 {und Weiss ist OK.} Nxf7 28. Nf5) 27... Qxc3 $19 28. Ne7+ Kh8 {( -> ...Dd4+)} 29. Ng6+ Nxg6 30. Rxf7 Rg8 31. h7 Rg7 {zielt auf ...Dd4+ ab.} 32. Rxb7 $2 {[%mdl 8192]} (32. Qc8+ $17 Kxh7 33. Qxb7) 32... Qd4+ 33. Kh1 {[#]} Qa1+ $2 (33... Qd1+ $2 34. Kh2 $17) (33... Nf8 $1 $19 {[%cal Rf8e6]} 34. Qc6 Rg6 35. Qxg6 Nxg6 36. Rb8+ Kxh7) 34. Kh2 $132 {[%mdl 2048] Und weiter mit Tb8+ wäre nett.Die Stellung ist ausgeglichen. Weiss is fighting back} Qe5+ 35. Qxe5 Nxe5 36. Rxg7 Kxg7 37. Kg3 Nxc4 38. Kf4 Kxh7 {KS-KBB} 39. Ke4 Kg6 40. Kd5 $1 {[%cal Rd5c4]} Ne3+ 41. Ke4 {Precision: Weiß = 68%, Schwarz = 51%.} 1/2-1/2

[Event "2nd IMSA Basque 2017-Men"]
[Site "Huaian"]
[Date "2017.12.14"]
[Round "2"]
[White "Ding, Liren"]
[Black "Mamedyarov, Shakhriyar"]
[Result "1/2-1/2"]
[WhiteElo "2777"]
[BlackElo "2799"]
[Annotator "TA"]
[PlyCount "109"]
[EventDate "2017.??.??"]
[EventType "tourn"]
[EventCountry "CHN"]
[SourceTitle "playchess.com"]
[Source "ChessBase"]
[SourceQuality "1"]

{[%evp 26,109,61,63,63,47,60,63,93,93,90,84,187,182,183,183,208,9,9,-18,-14,0,47,39,53,14,25,33,31,39,28,-52,-43,-43,-43,-50,-52,-47,-40,-48,-65,-34,0,0,10,10,29,0,0,0,0,-101,-101,-101,-101,-101,-101,-101,-101,-101,-101,-101,-101,-101,-101,-181,-101,-101,-100,-100,-100,-101,-101,-101,-100,-149,-149,-149,0,-100,-100,-100,0,-100,0,-100]} 1. Nf3 Nf6 2. g3 g6 3. Bg2 Bg7 4. O-O O-O 5. d4 d6 6. c4 Nbd7 7. Nc3 e5 8. e4 a6 9. Be3 Rb8 10. h3 exd4 11. Nxd4 Re8 12. a4 a5 13. Qc2 c6 14. Rad1 {LiveBook: 8 Games. E68: King's Indian: Fianchetto: 6...Nbd7 7 0-0 e5 8 e4} Qc7 (14... Qe7 15. Rfe1 Nc5 16. Bf4 Nfd7 17. Nb3 Ne5 18. Nxa5 Ra8 19. b4 Na6 20. b5 Nb4 21. Qb1 c5 22. Nb3 Nxc4 23. Nd5 Nxd5 24. exd5 {½-½ (31) Vignesh,N (2440)-Amonatov,F (2602) Urmia 2016}) 15. f4 Nc5 16. g4 $146 {[%cal Bg3g4,Bg4g5][%mdl 32] White is slightly better.} ({Predecessor:} 16. Rfe1 Nfd7 17. Ndb5 cxb5 18. Nxb5 Qd8 19. Nxd6 b6 20. e5 Re6 21. Nxf7 Kxf7 22. Bxc5 bxc5 23. Bd5 Qe7 24. Bxe6+ Qxe6 25. Rd6 Qxh3 26. e6+ Kf8 27. exd7 Qxg3+ 28. Kf1 Bxd7 {0-1 (28) Beltran Rueda,S (2376)-Jimenez Fraga,P (2464) Barcelona 2011}) 16... Bd7 17. f5 Rbc8 18. g5 Nfxe4 (18... Nh5 $16 {might work better.}) 19. Bxe4 $18 (19. Nxe4 Nxe4 20. fxg6 (20. Bxe4 d5 $14) 20... hxg6 $11) 19... d5 {[%cal Rc5e4]} 20. Bf4 (20. fxg6 $2 Qg3+ 21. Bg2 (21. Kh1 $2 Qxh3+ 22. Qh2 hxg6 $19) 21... Qxe3+ 22. Qf2 fxg6 $19) 20... Qb6 21. f6 $2 (21. fxg6 $18 hxg6 22. Bxg6 fxg6 23. Qxg6 Qxb2 24. Rf3 (24. Bd2 Rf8 $11)) 21... Bf8 22. Bg2 (22. Bxd5 $5 cxd5 23. Nxd5 $14) 22... dxc4 {[#] ...Nd3 is the strong threat.} 23. Nce2 Qb4 (23... Nd3 $5 {[%cal Rd7f5]} 24. Kh1 (24. Qxc4 Nxb2 25. Qb3 Qxb3 $15) 24... Bc5 $11) 24. Bd2 Qxa4 25. Qxa4 Nxa4 26. Bxa5 b6 27. Bc3 $1 b5 $1 {[%cal Rb5b4]} 28. Nxb5 ({White should try} 28. Nf3 $1 $11) 28... cxb5 29. Rxd7 {Threatens to win with Nf4.} Rxe2 30. Bd5 Bc5+ 31. Kh1 Rf8 32. Rb7 $1 Nxc3 33. bxc3 Re5 34. Rd1 Rxg5 35. Rxb5 Be3 36. Bxc4 {White wants to play Rb7.} Rxb5 37. Bxb5 $11 {[%mdl 4096] Endgame KRB-KRB} h5 38. Re1 (38. Kg2 $11) 38... Bd2 $17 39. Re8 Rxe8 40. Bxe8 Bxc3 {KB-KB} 41. Kg2 Bxf6 42. Bb5 Kg7 43. Bc4 Bh4 44. Kf3 f5 45. Kg2 {[#]} (45. Bb5 $17 {was called for.}) 45... Be7 ({Better is} 45... g5 $1 $19 46. Be2 Kg6) 46. Be2 Kh6 47. Bd3 Kg5 48. Bc4 Kf6 49. Be2 Ke5 50. Bd1 Kf4 51. Be2 Kg5 (51... h4 $17 {Hoping for ...Ke3.} 52. Bd1 Ke3) 52. Bd1 (52. Bc4 $1 $11 {remains equal.}) 52... Kh4 53. Bc2 Kg5 54. Bd1 $1 Kh4 55. Bc2 $1 {Precision: White = 58%, Black = 63%.} 1/2-1/2

[Event "2nd IMSA Basque 2017-Men"]
[Site "Huaian"]
[Date "2017.12.14"]
[Round "2"]
[White "Grischuk, Alexander"]
[Black "Yu, Yangyi"]
[Result "1-0"]
[WhiteElo "2772"]
[BlackElo "2751"]
[Annotator "TA"]
[PlyCount "105"]
[EventDate "2017.??.??"]
[EventType "tourn"]
[EventCountry "CHN"]
[SourceTitle "playchess.com"]
[Source "ChessBase"]
[SourceQuality "1"]

{[%evp 14,105,27,27,27,27,27,27,27,27,29,27,48,39,29,16,20,16,25,10,12,4,5,4,12,-33,-15,-35,-7,-11,0,0,0,0,0,0,0,0,0,7,0,2,33,8,19,0,0,0,12,0,0,0,0,0,0,0,8,0,0,0,0,0,52,40,42,63,65,0,155,75,1387,1386,1280,1154,2784,2453,5122,1846,5210,5086,2544,2493,29990,29991,29992,29992,29992,29992,29992,29992,29995,29996,29998,29996]} 1. e4 e5 2. Nf3 Nf6 3. Nxe5 d6 4. Nf3 Nxe4 5. Bd3 Nf6 6. O-O {C42: Petroff Defence: 3 Nxe5 and unusual White 3rd moves} Be7 7. c3 O-O 8. Bc2 {LiveBook: 16 Games. White has an edge.} c5 (8... Bg4 9. d4 Nbd7 10. Bf4 Re8 11. Nbd2 Bf8 12. Bd3 c6 13. h3 Bh5 {½-½ (46) Andreikin,D (2706)-Wang,Y (2706) China 2017}) 9. d4 Be6 $146 ({Predecessor:} 9... c4 10. Qe2 d5 11. Bg5 Nc6 12. h3 Be6 13. Nbd2 b5 {0-1 (36) Vogiatzis,D (1927)-Gawlas,G (1609) Nuremberg 2001}) 10. Bg5 Nbd7 11. Nbd2 h6 12. Bh4 Re8 13. Re1 Qb6 14. Qb1 Bf8 15. a4 Bd5 16. Rxe8 Rxe8 17. a5 Qc7 18. Qd1 Bc6 19. Bf5 g6 20. Bd3 Bg7 21. Qb3 Bd5 22. Bc4 Bxc4 23. Nxc4 Qc6 24. Ne3 Ne4 25. Rd1 Ndf6 26. Bxf6 Nxf6 27. h3 b5 28. axb6 axb6 29. d5 Qc7 30. Qb5 Rb8 31. Nd2 {[%cal Bf3d2,Bd2c4,Bc4b6,Bb6c8][%mdl 32]} h5 32. Ndc4 Qe7 33. Qc6 Ne4 34. Nxb6 Bh6 35. Nec4 Qh4 36. Rf1 Bf4 37. Qd7 Kg7 ({Better is} 37... Rd8 $11 38. Qa4 Ng5) 38. Nc8 $1 $36 {[%cal Rc8d6][%mdl 2048] Black is under pressure.} Qf6 39. g3 Be5 40. h4 ({White should try} 40. Kg2 $1 $14) 40... Rb3 $2 {[#]} (40... Qf3 $1 $11 41. N8xd6 Bxd6 42. Nxd6 Nxg3 43. fxg3 Qxg3+ 44. Kh1 Qxh4+ 45. Kg1 Qg3+ 46. Kh1 Qh4+ 47. Kg1 Qg5+ 48. Kh1 Qh4+) 41. Kg2 ({White has to play} 41. Qe7 $1) 41... Bxc3 $2 {[%mdl 8192]} (41... Rb8 $16) 42. N8xd6 $18 Nxd6 43. Nxd6 Qe5 44. Qxf7+ Kh6 45. Qf8+ (45. bxc3 $142 Qg7 46. Qf4+ Kh7 47. Ne4) 45... Qg7 46. Qf4+ Kh7 47. bxc3 Rxc3 48. Ne4 {White mates.} Rb3 49. Ng5+ Kg8 50. Re1 Qd7 51. Qf6 Qxd5+ 52. Kh2 {[%cal Re1e8]} Rb8 53. Re7 {Precision: White = 66%, Black = 44%.} 1-0

[Event "2nd IMSA Basque 2017-Men"]
[Site "Huaian"]
[Date "2017.12.14"]
[Round "2"]
[White "Yu, Yangyi"]
[Black "Grischuk, Alexander"]
[Result "1/2-1/2"]
[WhiteElo "2751"]
[BlackElo "2772"]
[Annotator "TA"]
[PlyCount "158"]
[EventDate "2017.??.??"]
[EventType "tourn"]
[EventCountry "CHN"]
[SourceTitle "playchess.com"]
[Source "ChessBase"]
[SourceQuality "1"]

{[%evp 18,158,29,29,47,36,45,42,55,56,60,35,77,74,90,94,108,92,102,81,63,-24,-44,-25,-33,-41,-55,-37,0,-67,-48,-63,-60,-77,-74,-70,-77,-106,-104,-100,-103,-106,-105,-109,-112,-108,-108,-118,-121,-135,-125,-131,-131,-153,-146,-159,-146,-177,-146,-153,-141,-167,-151,-158,-145,-192,-198,-212,-202,-187,-179,-182,-166,-241,-245,-270,-277,-276,-288,-254,-266,-249,-178,-218,-148,-135,-117,-157,-124,-133,-125,-136,-122,-152,-138,-179,-164,-184,-119,-160,-160,-150,-44,-48,-51,-63,-46,-62,-62,-74,-8,-8,-8,-8,-8,-8,-8,-8,-8,-8,-8,-22,-9,-535,-535,-535,-535,-535,-535,-535,-510,-535,-510,-510,-510,-510,-8,-8,0,0,0,-8,-8]} 1. d4 Nf6 2. c4 g6 3. Nf3 Bg7 4. g3 c6 5. Bg2 d5 6. Qa4 O-O 7. O-O dxc4 8. Qxc4 Bf5 9. Nc3 {[%cal Bb1c3,Bc3e4,Be4g5][%mdl 32]} Nbd7 10. Re1 Nb6 {D78: Fianchetto Grünfeld: 6 0-0 c6} 11. Qb3 Be6 (11... Ne4 12. Nh4 Be6 13. Qc2 Nxc3 14. bxc3 Bc4 15. Nf3 Rc8 16. Bh3 e6 17. Ba3 Re8 18. Nd2 {1-0 (54) Swiercz,D (2649)-Dastan,B (2519) Minsk 2017}) 12. Qd1 $146 ({Predecessor:} 12. Qc2 Nfd5 13. a3 Bg4 14. Rd1 Qc8 15. Ne4 Nc7 16. a4 Rd8 17. a5 Nbd5 18. Nc5 Ne6 {½-½ (49) Hofstetter,H (2407)-Teichmann,C (2434) ICCF email 2009}) 12... Nfd5 {White is slightly better.} 13. Ne4 Qc8 14. Neg5 Rd8 15. e4 Nc7 16. Bf4 ({Much weaker is} 16. Nxe6 $6 Nxe6 17. Bh3 Bxd4 $11) 16... Nb5 {[%cal Rb5d4]} 17. d5 $1 cxd5 18. Rc1 Qd7 19. Ne5 (19. Nxe6 $14 Qxe6 20. Qb3) 19... Bxe5 $1 $11 20. Bxe5 dxe4 {White must now prevent ...f6.} 21. Qxd7 Bxd7 22. Nxe4 Bc6 23. b3 ({Better is} 23. Nc5 $1 $11 Bxg2 24. Kxg2) 23... Rac8 $15 24. Bh3 Bd7 25. Bg2 Rxc1 26. Rxc1 Bc6 27. Nc5 Bxg2 28. Kxg2 Rc8 $1 29. Bb2 Nd6 30. Nd3 Rxc1 31. Bxc1 $17 {[%mdl 4096] Endgame KBN-KNN} Nd5 32. f3 f6 33. Bd2 Kf7 34. Kf2 e5 35. Ke2 b6 36. Nf2 Ke6 37. Kd3 f5 38. a4 a6 39. Be1 Nf6 40. Ke2 e4 41. Nh3 exf3+ 42. Kxf3 Nde4 $1 43. Nf4+ Ke5 44. Nd3+ Kd4 45. Nb4 (45. Nf4 $142) 45... a5 $19 46. Nc6+ Kd5 47. Ne7+ Kd6 48. Nc8+ Kc7 49. Na7 Nd6 50. Kf4 Nf7 51. Nb5+ Kd7 52. Nc3 Ke6 53. Bf2 Nd7 54. h4 h6 55. Bd4 g5+ 56. hxg5 hxg5+ 57. Ke3 Nd6 (57... Nc5 $19 58. Bxc5 bxc5) 58. Kf3 Nc5 59. Be3 g4+ (59... Nf7 $1 $17 60. Ke2 Kd6) 60. Kf4 $15 Nd3+ 61. Kg5 Nf7+ 62. Kh5 $1 Nc5 63. Ne2 Nxb3 (63... Nd6 $17) 64. Bxb6 $11 Nd6 65. Kg6 Nc4 66. Bc7 Nc5 67. Nd4+ Kd7 68. Bxa5 f4 {[%cal Bf5f4,Bf4f3][%mdl 32]} 69. Be1 Nd3 70. Kg5 $2 {[%mdl 8192]} (70. gxf4 $1 $11 {and White is okay.} Nxe1 71. Ne2) 70... f3 $1 $19 (70... Nxe1 71. Kxg4 Nd3 72. a5 $11) 71. Kxg4 {[#]} Nce5+ $1 ({Less strong is} 71... Nxe1 72. Nxf3 Nd3 {[#]} 73. a5 $1 $11 {[%mdl 512]}) 72. Kf5 Nxe1 73. Nxf3 N5xf3 74. a5 Nd4+ 75. Kf6 Nef3 76. a6 {a7 is the strong threat.} Kc7 $2 (76... Nc6 $19 77. g4 Ke8) 77. g4 {The position is equal.} Kb6 78. g5 Nxg5 79. Kxg5 Kxa6 {Precision: White = 44%, Black = 67%.} 1/2-1/2

[Event "2nd IMSA Basque 2017-Men"]
[Site "Huaian"]
[Date "2017.12.14"]
[Round "2"]
[White "Harikrishna, P."]
[Black "Wang, Hao"]
[Result "1/2-1/2"]
[WhiteElo "2744"]
[BlackElo "2709"]
[Annotator "TA"]
[PlyCount "114"]
[EventDate "2017.??.??"]
[EventType "tourn"]
[EventCountry "CHN"]
[SourceTitle "playchess.com"]
[Source "ChessBase"]
[SourceQuality "1"]

{[%evp 18,114,0,-11,0,-12,0,0,6,6,6,-53,-64,-58,-54,-70,0,0,0,-48,-48,-52,-53,-52,-48,-54,-62,-68,-46,-70,-74,-70,-54,-54,-54,-58,-56,-61,-54,-56,-37,-33,-37,-41,-8,-8,-8,-8,-11,-31,-22,-22,0,0,0,0,0,0,0,0,32,0,54,0,0,0,0,0,0,0,0,0,45,-246,-262,-253,-262,-243,-234,-245,-238,-237,-222,-141,0,0,0,0,0,0,0,0,0,0,0,0,0,0,0]} 1. e4 e5 2. Nf3 Nc6 3. Bb5 Nf6 4. d3 Bc5 5. O-O Nd4 6. Nxd4 Bxd4 7. Nd2 {C65: Spanische Partie (Berliner-Verteidigung)} c6 8. Ba4 d6 9. Nf3 Bb6 10. c3 {LiveBook: 4 Partien} h6 11. Re1 O-O 12. h3 Re8 13. Bc2 d5 {[#]} 14. d4 $146 ({Besser ist} 14. exd5 $11 Qxd5 15. Be3) ({Vorgänger:} 14. exd5 Qxd5 {1-0 (64) Tomashevsky,E (2728)-Sargissian,G (2702) Huaian 2016}) 14... Nxe4 $15 15. Bxe4 dxe4 16. Nxe5 Bf5 (16... f6 $15 17. Ng6 Qd5) 17. Bf4 $11 Qf6 18. Bg3 c5 19. Nc4 cxd4 20. Nxb6 Qxb6 21. Qxd4 Qxb2 22. Reb1 Qe2 23. Rxb7 e3 $1 24. Qf4 Qa6 25. Rc7 e2 26. Re1 Bg6 27. Qc4 Qxc4 28. Rxc4 Bc2 29. Rd4 Rac8 30. c4 Bd1 (30... Bb1 $5 31. Rd2 Rxc4 $15) 31. Bd6 Rc6 32. c5 Ra6 33. Rd2 Re4 34. Rb2 Rea4 35. Rb8+ Kh7 36. Rb7 Kg6 37. g4 Rxa2 38. f4 {[%cal Bf2f4,Bf4f5][%mdl 32]} Rc2 39. Kf2 {[%mdl 1024] Droht f5+. Weiss hat Kompensation.} Ra3 ({Günstiger ist} 39... Rc4 $11) 40. h4 ({Lieber} 40. f5+ $14 Kf6 41. Be7+ Ke5 42. Rd7) 40... Rcc3 41. f5+ $1 Kf6 42. Be7+ Ke5 43. Bd6+ Ke4 44. Re7+ Kd3 45. Rxf7 $2 {[%mdl 8192] [#]} (45. c6 $14 {bleibt weiter vorne.} Ra4 46. c7) 45... Kd2 $1 $19 {Droht stark ...Tf3+.} 46. Bf4+ Kc2 {Droht ...Tf3+ und aus.} 47. Rxe2+ Bxe2 48. Kxe2 {[%mdl 4096] Endspiel KTT-KTL} Rc4 49. Bd6 Re4+ ({Finger weg von} 49... Rxg4 50. c6 $17) 50. Kf2 {[#]} Kd2 (50... Kd3 $1 $17 51. g5 (51. Rxg7 $2 Ra2+ 52. Kf1 Ree2 $19) 51... hxg5 52. Rxg7 gxh4) 51. Re7 $11 {Die Stellung ist ausgeglichen.} Rxg4 {zielt auf ...Tc3 ab.} 52. c6 Ra5 53. Re2+ Kd3 54. Re3+ Kd2 55. Re2+ Kd3 56. Re3+ $1 Kd2 57. Re2+ Kd3 {Precision: Weiß = 66%, Schwarz = 55%.} 1/2-1/2

[Event "2nd IMSA Basque 2017-Men"]
[Site "Huaian"]
[Date "2017.12.14"]
[Round "2"]
[White "Le, Quang Liem"]
[Black "Ivanchuk, Vassily"]
[Result "1-0"]
[WhiteElo "2737"]
[BlackElo "2726"]
[Annotator "TA"]
[PlyCount "69"]
[EventDate "2017.??.??"]
[EventType "tourn"]
[EventCountry "CHN"]
[SourceTitle "playchess.com"]
[Source "ChessBase"]
[SourceQuality "1"]

{[%evp 16,69,75,69,74,59,68,64,64,60,60,64,96,53,75,81,110,106,112,121,108,120,170,163,204,184,187,177,177,124,168,142,122,95,103,93,100,100,120,124,120,88,88,68,114,112,112,119,126,118,286,283,279,297,306,305]} 1. d4 f5 2. c4 Nf6 3. Nf3 d6 4. Nc3 g6 5. Bf4 Bg7 6. e3 c6 7. h3 O-O 8. Bh2 {A85: Dutch Defence: 2 c4 Nf6 3 Nc3} h6 9. Be2 {LiveBook: 5 Games} Be6 (9... Nbd7 10. Qc2 Qe8 11. O-O e5 12. b4 g5 13. dxe5 Nxe5 14. Nd4 Qg6 15. c5 dxc5 16. Bxe5 cxd4 17. exd4 {1-0 (28) Sargissian,G (2675)-Miton,K (2591) Warsaw 2013}) 10. O-O $146 {White is better.} ({Predecessor:} 10. Qc2 a6 11. Nh4 Qe8 12. g4 fxg4 13. Nxg6 Rf7 14. Nf4 Bd7 15. hxg4 b5 {0-1 (44) Syed Anwar,S (2321)-Dimakiling,O (2435) Chennai 2010}) 10... Nbd7 11. Qc2 Bf7 12. Rad1 Re8 13. Rfe1 Qb6 14. b3 a5 15. Bf1 Rad8 16. e4 fxe4 17. Nxe4 Nxe4 18. Rxe4 Nf6 19. Re3 g5 20. Rde1 Qc7 21. Bd3 Qd7 22. Nd2 (22. Bg3 $18) 22... b5 23. Bf5 e6 24. Bg6 Bxg6 25. Qxg6 Qf7 26. Qd3 b4 27. Qe2 d5 28. Rxe6 Rxe6 29. Qxe6 Re8 30. Qxf7+ Kxf7 31. Kf1 Rxe1+ 32. Kxe1 Nd7 $2 {[#]} (32... Ne8 $16 {might work better.}) 33. cxd5 $1 $18 {White has a decisive advantage.} cxd5 34. Nf3 Ke6 35. Bc7 {Precision: White = 71%, Black = 39%.} 1-0

[Event "2nd IMSA Basque 2017-Men"]
[Site "Huaian"]
[Date "2017.12.14"]
[Round "2"]
[White "Ivanchuk, Vassily"]
[Black "Le, Quang Liem"]
[Result "1-0"]
[WhiteElo "2726"]
[BlackElo "2737"]
[Annotator "TA"]
[PlyCount "107"]
[EventDate "2017.??.??"]
[EventType "tourn"]
[EventCountry "CHN"]
[SourceTitle "playchess.com"]
[Source "ChessBase"]
[SourceQuality "1"]

{[%evp 18,107,22,23,48,64,62,58,66,0,-8,-16,-16,-29,-28,-104,-100,-103,-62,-32,-16,-24,-8,-10,-9,-9,-14,-16,-14,-16,-12,-8,0,-8,-14,-23,-10,-21,-21,-34,0,0,0,-24,330,325,329,334,301,240,273,286,281,286,267,264,370,367,397,245,239,244,387,333,298,295,498,495,473,454,523,523,523,510,444,402,497,357,933,870,787,774,954,4622,4618,4618,4538,2688,2248,4104,1455,1455]} 1. e4 e5 2. Nf3 Nc6 3. Bb5 Nf6 4. d3 Bc5 5. c3 O-O 6. O-O d6 7. Bg5 h6 {C65: Ruy Lopez: Berlin Defence (3...Nf6), unusual lines and 4 0-0 Bc5} 8. Bh4 g5 9. Bg3 Bb6 10. Nbd2 {LiveBook: 4 Games} g4 $146 ({Predecessor:} 10... Nh5 11. Nc4 f5 12. exf5 Bxf5 13. d4 Nxg3 14. hxg3 exd4 15. Nxb6 axb6 16. Nxd4 Nxd4 17. Qxd4 {½-½ (52) Dominguez Perez,L (2726)-Ponomariov,R (2714) Beijing 2014}) 11. Nh4 Nh5 12. Nc4 Qg5 13. Qc1 (13. a4 $14) 13... Ne7 $11 14. Nxb6 axb6 15. f3 Be6 16. Bc4 (16. fxg4 $11 Qxc1 17. Rfxc1 Nxg3 18. hxg3) 16... Qxc1 17. Rfxc1 Nxg3 18. hxg3 h5 19. Bb3 Ra5 20. Kf2 Rfa8 {[#] Hoping for ...Bxb3.} 21. Bxe6 fxe6 22. a3 Kg7 23. Ke3 Rf8 24. Rf1 b5 25. f4 {[%cal Bf3f4,Bf4f5][%mdl 32]} Raa8 26. Rf2 Rf7 27. Raf1 Raf8 28. d4 b6 29. dxe5 (29. fxe5 Rxf2 30. Rxf2 Rxf2 $15) 29... dxe5 30. f5 Nc8 $2 {[%mdl 8192]} (30... Kf6 $11) 31. Ng6 $18 (31. fxe6 Rxf2 32. Rxf2 Rxf2 $11) 31... Rd8 32. Nxe5 Rf6 {Black hopes to continue with ...Nd6.} 33. Nc6 Re8 34. Nd4 exf5 35. Nxf5+ (35. Rxf5 $6 Rxf5 36. Nxf5+ Kg6 $16) 35... Kh7 36. Rd2 Ne7 (36... Rf7 $142 37. Rf4 Kh8) 37. Rd7 $1 {[%csl LRc7,LRe7]} Kh8 {[#] ...Nxf5+ is the strong threat.} 38. Kd3 ({Weaker is} 38. Rxe7 Rxe7 39. Kf4 Kh7 $11) ({Inferior is} 38. Nxe7 Rxf1 39. Rxc7 Rg1 $11) 38... c5 39. Rb7 Rd8+ (39... Nxf5 $142 40. Rxf5 Rxf5 41. exf5 c4+ 42. Kd2 Re5) 40. Ke2 Nxf5 41. Rxf5 {[%mdl 4096] Endgame KRR-KRR} ({Not} 41. exf5 Re8+ 42. Kf2 Rd6 $14) 41... Rfd6 $2 (41... Rxf5 42. exf5 Re8+ 43. Kd2 Re5 44. Rxb6 c4 45. Rh6+ Kg7 46. Rxh5 Kf6) 42. Rxh5+ Kg8 43. Rd5 Rxd5 44. exd5 Rxd5 45. Rxb6 {KR-KR} Re5+ 46. Kd2 Rd5+ 47. Kc2 Rf5 $2 (47... c4 48. Rg6+ Kf8 49. Rxg4 Rc5) 48. Rxb5 {White is clearly winning.} Rf2+ 49. Kb3 Rxg2 50. a4 (50. Rxc5 $142 Rxg3 51. a4) 50... Rxg3 51. a5 {[%cal Ba4a5,Ba5a6][%mdl 32]} Rg1 52. a6 Ra1 53. Rxc5 Kf7 54. Rg5 {Precision: White = 54%, Black = 50%.} 1-0